000 00536nam a2200193Ia 4500
005 20250326143159.0
008 250326s9999 xx 000 0 und d
020 _a81-7188-358-3
037 _aTextbook
040 _aFMSL
_beng
_cFMSL
041 _aeng
_2eng
084 _aX.44 P4
_qFMSL
100 _aDebroy Bibek Ed.
245 0 _aAgenda for improving goverce
_cDebroy Bibek Ed.
260 _aNew Delhi
_bNew Delhi, Academic foundation
_c2004
300 _a652p
942 _cTB
_hX.44 P4
999 _c1298476
_d1298476